Trade Balances and Capital Mobility

Gespeichert in:
Bibliographische Detailangaben
1. Verfasser: Siebert, Horst
Format: Buch
Sprache:Englisch
Deutsch
Veröffentlicht: Kiel Institut für Weltwirtschaft 1989
Ausgabe:1. Aufl.
Schriftenreihe:Working Paper No.372
Tags: Tag hinzufügen
Keine Tags, Fügen Sie das erste Tag hinzu!

MARC

LEADER 00000nam a2200000 4500
001 c027717
005 20250226081702.7
041 0 |a eng 
041 0 |a ger 
044 |a DE 
245 1 0 |a Trade Balances and Capital Mobility  |c Horst Siebert 
250 |a 1. Aufl. 
264 1 |a Kiel  |b Institut für Weltwirtschaft  |c 1989 
300 |a 22 s. 
490 1 |a Working Paper  |v No.372 
830 0 |a Working Paper  |v No.372 
100 1 |a Siebert, Horst